[Event "51st World Juniors"]
[Site "Athens GRE"]
[Date "2012.08.04"]
[Round "3.29"]
[White "Barbosa, Evandro Amorim"]
[Black "Aravindh, Chithambaram VR."]
[Result "1-0"]
[WhiteTitle "IM"]
[BlackTitle "FM"]
[WhiteElo "2436"]
[BlackElo "2240"]
[WhiteFideId "2115824"]
[BlackFideId "5072786"]
[EventDate "2012.08.02"]

1. e4 c5 2. Nf3 Nc6 3. Bb5 g6 4. Bxc6 bxc6 5. O-O Bg7 6. Re1 Nh6 7. c3 O-O 8. d4
cxd4 9. cxd4 d5 10. e5 f6 11. Nbd2 fxe5 12. Nxe5 Qd6 13. Nb3 Nf7 14. Bf4 Qf6 15.
Qd2 g5 16. Bg3 Nd8 17. Rac1 h5 18. h3 g4 19. hxg4 Bh6 20. f4 hxg4 21. Qe2 Bg7
22. Na5 Ne6 23. Naxc6 Nxf4 24. Bxf4 Qxf4 25. Rcd1 Ba6 26. Nxe7+ Kh7 27. Qc2+ 1-0

[Event "51st World Juniors"]
[Site "Athens GRE"]
[Date "2012.08.04"]
[Round "3.30"]
[White "Hambleton, Aman"]
[Black "Ghosh, Diptayan"]
[Result "1/2-1/2"]
[WhiteTitle "FM"]
[BlackTitle "FM"]
[WhiteElo "2244"]
[BlackElo "2417"]
[WhiteFideId "2606577"]
[BlackFideId "5045207"]
[EventDate "2012.08.02"]

1. d4 d5 2. c4 c6 3. Nc3 Nf6 4. e3 a6 5. Nf3 b5 6. b3 Bg4 7. h3 Bxf3 8. gxf3 e6
9. f4 Bb4 10. Bd2 Bxc3 11. Bxc3 Ne4 12. Rc1 Nd7 13. Bd3 Nxc3 14. Rxc3 dxc4 15.
bxc4 b4 16. Rb3 c5 17. a3 a5 18. axb4 axb4 19. Be4 Rc8 20. O-O O-O 21. Bb7 Rc7
22. Bg2 Qe7 23. dxc5 Qxc5 24. Qd2 Rb8 25. Rfb1 Qxc4 26. Rxb4 Rxb4 27. Qxb4 Qxb4
28. Rxb4 g6 29. Bf3 Nf6 30. Kg2 Kg7 31. Rb2 1/2-1/2

[Event "51st World Juniors"]
[Site "Athens GRE"]
[Date "2012.08.04"]
[Round "3.31"]
[White "Gantar, Jan"]
[Black "Rios, Cristhian Camilo"]
[Result "0-1"]
[BlackTitle "FM"]
[WhiteElo "2218"]
[BlackElo "2398"]
[WhiteFideId "14607875"]
[BlackFideId "4403940"]
[EventDate "2012.08.02"]

1. e4 c5 2. Nf3 e6 3. Nc3 d6 4. d4 cxd4 5. Nxd4 Nf6 6. g3 Be7 7. Bg2 O-O 8. O-O
Nc6 9. Nb3 Qc7 10. g4 d5 11. exd5 Rd8 12. Qe2 Nxd5 13. Nxd5 exd5 14. h3 d4 15.
Rd1 Bf6 16. Nc5 d3 17. Nxd3 Nd4 18. Qe4 Qxc2 19. Be3 Be6 20. Rd2 Bd5 21. Rxc2
Bxe4 22. Bxd4 Rxd4 23. Bxe4 Rxe4 24. Rac1 Rd8 25. Rc8 Ree8 26. Rxd8 Rxd8 27. Rd1
Rc8 28. b3 Rc3 29. Kf1 Kf8 30. Ke2 Rc2+ 31. Rd2 Rc6 32. Rd1 Bd4 33. Rc1 Re6+ 34.
Kf3 Rf6+ 35. Ke4 Bxf2 36. Rc8+ Ke7 37. Rc7+ Kd6 38. Rxb7 Re6+ 39. Kf3 Bb6 40.
Nf4 Re3+ 41. Kg2 g5 42. Nh5 Re2+ 43. Kf1 Rf2+ 44. Ke1 Rf3 45. Ke2 Re3+ 46. Kd2
Rxh3 47. Rxf7 Rh2+ 48. Kd3 Rxa2 49. Ng3 Rg2 50. Ne4+ Kc6 51. Nxg5 h5 52. Ne4
Rxg4 53. Rf5 h4 54. Rh5 Rf4 55. b4 Bg1 56. Rh6+ Kd7 57. Nf6+ Kc8 58. Ne4 Rg4 59.
Rh7 Kd8 60. b5 Rf4 61. Ng5 Rb4 62. Ne4 Rd4+ 0-1

[Event "51st World Juniors"]
[Site "Athens GRE"]
[Date "2012.08.04"]
[Round "3.32"]
[White "Mazur, Stefan"]
[Black "Vasques, Antonio Pedro Freixial"]
[Result "1/2-1/2"]
[WhiteTitle "IM"]
[WhiteElo "2394"]
[BlackElo "2214"]
[WhiteFideId "14909332"]
[BlackFideId "1908332"]
[EventDate "2012.08.02"]

1. e4 c5 2. Nf3 d6 3. d4 cxd4 4. Nxd4 Nf6 5. Nc3 a6 6. f4 e5 7. Nf3 Nbd7 8. a4
Be7 9. Bd3 O-O 10. O-O Nc5 11. Kh1 exf4 12. Bxf4 Bg4 13. Qd2 Bh5 14. Nd4 Bg6 15.
Nf5 Bxf5 16. exf5 d5 17. Rad1 d4 18. Ne2 Nxa4 19. Rb1 Re8 20. Be5 Bc5 21. Qf4
Nh5 22. Qg4 Rxe5 23. Qxh5 b5 24. Rf3 Qf6 25. Ng3 Rae8 26. Rff1 h6 27. Qf3 Re3
28. Qg4 Qg5 29. Qxg5 hxg5 30. f6 gxf6 31. Nh5 Be7 32. Rf5 Re5 33. Rxf6 Bxf6 34.
Nxf6+ Kf8 35. Nxe8 Kxe8 36. Kg1 Ke7 37. Kf2 Kd6 38. h3 f5 39. g3 Ke6 40. h4 g4
41. b4 Re3 42. h5 Kf6 43. h6 Kg6 44. Rh1 Re8 45. h7 Rh8 46. Kg2 Nb2 47. Ra1 Nxd3
48. Rxa6+ Kxh7 49. cxd3 Rd8 50. Rb6 Rd5 51. Kf2 Kg7 52. Re6 Kf7 53. Ra6 Ke7 54.
Rb6 Re5 55. Rb7+ Ke6 56. Rb6+ Kd7 57. Rf6 Ke7 58. Rb6 Rd5 59. Rc6 Rd6 60. Rc5
Ke6 61. Rxb5 Rc6 62. Rb8 Rc2+ 63. Ke1 Rg2 64. b5 Rxg3 65. b6 Kd7 66. Rf8 Kc6 67.
Rxf5 Kxb6 68. Rf4 Kc5 69. Kf2 Rxd3 70. Rxg4 Re3 71. Rg1 Kc4 72. Rc1+ Kd3 73. Ra1
Re2+ 74. Kf1 Rc2 75. Ke1 Ke3 76. Kd1 Rh2 77. Ra8 Rh1+ 78. Kc2 d3+ 79. Kc3 Rc1+
80. Kb2 Kd2 81. Rh8 Re1 82. Rh2+ Re2 83. Rh1 Rg2 84. Kb3 Rf2 85. Kb2 Re2 86. Rh8
Kd1+ 87. Kc3 d2 88. Kd3 Re7 89. Rh1+ Re1 90. Rh2 1/2-1/2

[Event "51st World Juniors"]
[Site "Athens GRE"]
[Date "2012.08.04"]
[Round "3.33"]
[White "Baghdasaryan, Vahe"]
[Black "Sreeves, Clement"]
[Result "0-1"]
[WhiteTitle "IM"]
[WhiteElo "2368"]
[BlackElo "2191"]
[WhiteFideId "13303139"]
[BlackFideId "2402564"]
[EventDate "2012.08.02"]

1. e4 e5 2. Nf3 Nc6 3. Bb5 a6 4. Ba4 Nf6 5. O-O Be7 6. Re1 b5 7. Bb3 d6 8. c3
O-O 9. d4 Bg4 10. Be3 Bh5 11. h3 exd4 12. cxd4 Na5 13. Bc2 Nc4 14. Bc1 d5 15. e5
Ne4 16. Bxe4 dxe4 17. Rxe4 f5 18. Re1 Bxf3 19. gxf3 Bb4 20. Nc3 Bxc3 21. bxc3
Qh4 22. Kg2 f4 23. Re4 Rf5 24. a4 Rd8 25. axb5 axb5 26. Qb3 Rg5+ 27. Kf1 Qxh3+
28. Ke2 Rg1 29. Bb2 Rxa1 30. Bxa1 Ra8 31. Bb2 c6 32. Rxf4 Qh1 33. Qc2 Ra2 34. e6
Rxb2 35. Qxb2 Nxb2 36. e7 Qd1+ 0-1

[Event "51st World Juniors"]
[Site "Athens GRE"]
[Date "2012.08.04"]
[Round "3.34"]
[White "De Filomeno, Simone"]
[Black "Ladva, Ottomar"]
[Result "1-0"]
[WhiteTitle "FM"]
[WhiteElo "2358"]
[BlackElo "2153"]
[WhiteFideId "828688"]
[BlackFideId "4500024"]
[EventDate "2012.08.02"]

1. e4 c5 2. Nf3 Nc6 3. d4 cxd4 4. Nxd4 Qb6 5. Nb3 Nf6 6. Nc3 e6 7. Qe2 Bb4 8.
Bd2 O-O 9. a3 Be7 10. O-O-O d5 11. e5 Ne8 12. f4 f6 13. Be3 Qc7 14. Nb5 Qb8 15.
exf6 Nxf6 16. g3 e5 17. fxe5 Bg4 18. Qg2 Qxe5 19. Re1 Ne4 20. Be2 Bxe2 21. Rxe2
Bf6 22. c3 Qf5 23. Rf1 Qd7 24. Nc5 Nxc5 25. Bxc5 Rfe8 26. Kb1 Rxe2 27. Qxe2 Re8
28. Qd1 a6 29. Nd6 Re5 30. Nc4 Rf5 31. Re1 Rg5 32. h4 Rxg3 33. Nd6 h6 34. Qxd5+
Kh7 35. h5 Ne7 36. Qe4+ Kg8 37. Nxb7 Qd2 38. Nd6 Nd5 39. Qe8+ Kh7 40. Qe4+ Kg8
41. Qe6+ Kh7 42. Qf5+ g6 43. hxg6+ Rxg6 44. Rg1 Ne7 45. Qe4 Qd5 46. Rxg6 Qd1+
47. Ka2 Nxg6 48. Qb7+ Ne7 49. Ne4 Qd5+ 50. Qxd5 Nxd5 51. c4 1-0

[Event "51st World Juniors"]
[Site "Athens GRE"]
[Date "2012.08.04"]
[Round "3.35"]
[White "Jacko, Vladimir2"]
[Black "Naoum, Spyridon"]
[Result "0-1"]
[WhiteTitle "FM"]
[WhiteElo "2349"]
[BlackElo "2146"]
[WhiteFideId "14915928"]
[BlackFideId "4227506"]
[EventDate "2012.08.02"]

1. e4 c5 2. Nf3 e6 3. d4 cxd4 4. Nxd4 a6 5. Nc3 Qc7 6. Bd3 Bc5 7. Nb3 Be7 8. Qg4
g6 9. Qe2 d6 10. Bd2 b5 11. O-O Nf6 12. a4 b4 13. Na2 d5 14. Bxb4 Bxb4 15. Nxb4
Qb7 16. c3 dxe4 17. Bc2 Nbd7 18. a5 Rb8 19. Rfe1 O-O 20. Rad1 Qa8 21. Nd2 Rb5
22. Nc4 Nc5 23. Rd6 Qb7 24. Red1 Nd5 25. Qd2 Qb8 26. Nc6 Qc7 27. Na7 Rxb2 28.
Nxb2 Qxd6 29. c4 Qc7 30. Na4 Nxa4 31. Bxa4 Qxc4 0-1

[Event "51st World Juniors"]
[Site "Athens GRE"]
[Date "2012.08.04"]
[Round "3.36"]
[White "Stathopoulos, Ioannis"]
[Black "Gemy, Jose Daniel"]
[Result "1/2-1/2"]
[BlackTitle "FM"]
[WhiteElo "2216"]
[BlackElo "2345"]
[WhiteFideId "4223098"]
[BlackFideId "3301478"]
[EventDate "2012.08.02"]

1. d4 d5 2. c4 c6 3. Nf3 Nf6 4. Nc3 g6 5. Bf4 a6 6. e3 Bg7 7. h3 O-O 8. Bd3 e6
9. O-O Re8 10. Qc2 Nbd7 11. Bh2 b6 12. b4 dxc4 13. Bxc4 Nd5 14. Nxd5 exd5 15.
Bd3 Bb7 16. Rab1 a5 17. a3 f5 18. Nd2 Bf8 19. Qb3 Kh8 20. Be2 Qf6 21. Nf3 Bd6
22. Bxd6 Qxd6 23. Bd3 Kg7 24. Rfc1 Re7 25. Qc3 axb4 26. axb4 Kg8 27. Bc2 Rf8 28.
Ra1 f4 29. exf4 Rxf4 30. Ba4 b5 31. Bb3 Ref7 32. Re1 Rxf3 33. gxf3 Nf6 34. Re5
Qd7 35. Kh2 Nh5 36. Rg1 Nf4 37. Rg3 Kg7 38. Qe3 Bc8 39. Re8 Ne6 40. Qe5+ Rf6 41.
Rg8+ Kxg8 42. Qxf6 Qg7 43. Qxg7+ Kxg7 44. f4 Nxd4 45. Bd1 Bf5 46. Re3 h5 47. Kg1
Kf6 48. Rc3 Ke7 49. Kg2 Kd6 50. Kg3 Be4 51. f3 Bf5 52. Ra3 Ne6 53. h4 c5 54.
Ra6+ Kc7 55. bxc5 Nxc5 56. Ra5 Kb6 57. Ra8 d4 58. Rb8+ Kc6 59. Kf2 Nd3+ 60. Ke2
Nxf4+ 61. Kd2 d3 62. Bb3 Ng2 63. Bf7 Nxh4 64. Be8+ Kc7 65. Rxb5 Nxf3+ 66. Ke3 d2
67. Rd5 Bc2 68. Bxg6 1/2-1/2

[Event "51st World Juniors"]
[Site "Athens GRE"]
[Date "2012.08.04"]
[Round "3.37"]
[White "Stanciu, Alexandru-Ovidiu"]
[Black "Yurtseven, Melih"]
[Result "1-0"]
[WhiteElo "2342"]
[BlackElo "2126"]
[WhiteFideId "1217674"]
[BlackFideId "6312160"]
[EventDate "2012.08.02"]

1. d4 Nf6 2. c4 Nc6 3. Nc3 e5 4. d5 Ne7 5. Nf3 Ng6 6. h4 h5 7. Bg5 d6 8. e3 Be7
9. Bd3 Nf8 10. Qc2 c6 11. Bxf6 Bxf6 12. dxc6 bxc6 13. Be4 Bd7 14. O-O-O Qb8 15.
Rd2 Be7 16. Rhd1 g6 17. Nxe5 dxe5 18. Rxd7 Nxd7 19. Bxc6 O-O 20. Rxd7 Bxh4 21.
g3 Rd8 22. Rxd8+ Bxd8 23. Qe4 Ba5 24. Bxa8 Bxc3 25. bxc3 Qf8 26. Kb2 Qd8 27. Qd5 1-0

[Event "51st World Juniors"]
[Site "Athens GRE"]
[Date "2012.08.04"]
[Round "3.38"]
[White "Grandadam, Nicolas"]
[Black "Kvaratskhelia, Dimitri"]
[Result "1/2-1/2"]
[WhiteTitle "FM"]
[WhiteElo "2333"]
[BlackElo "2093"]
[WhiteFideId "681806"]
[BlackFideId "13604295"]
[EventDate "2012.08.02"]

1. Nf3 c5 2. c4 Nc6 3. d4 cxd4 4. Nxd4 g6 5. e4 Bg7 6. Be3 Nf6 7. Nc3 Ng4 8.
Qxg4 Nxd4 9. Qd1 Nc6 10. Rc1 d6 11. Be2 O-O 12. O-O b6 13. Qd2 Bb7 14. Rfd1 Re8
15. f3 Rc8 16. Nd5 Qd7 17. b3 Red8 18. Kh1 Qe8 19. Bg5 Rd7 20. Qe3 e5 21. Nf6+
Bxf6 22. Bxf6 Qe6 23. Qg5 Nd4 24. Bf1 Rdc7 25. Rd2 b5 26. Rcd1 Ba6 27. Rxd4 exd4
28. cxb5 h6 29. Qh4 Rc1 30. Qxh6 Qxf6 31. Rxc1 Bb7 32. Rxc8+ Bxc8 33. Qc1 Be6
34. Bd3 d5 35. exd5 Bxd5 36. Qd2 g5 37. h3 Qe5 38. Kg1 Kg7 39. Qe2 Qf4 40. Kf2
Qd6 41. Ke1 Qf4 42. Kd1 Kf6 43. Qd2 Qh2 44. Kc2 Be6 45. Be4 Qc7+ 46. Kb2 Qc5 47.
a4 Qe5 48. g4 Kg7 49. Qb4 Qh2+ 50. Ka3 Qg1 51. Qd2 Qe3 52. Qc2 Kf6 53. Kb4 Qe1+
54. Kc5 Ke5 55. Qh2+ Kf6 56. Kxd4 Qb4+ 57. Ke3 Qxb3+ 58. Kf2 Qxa4 59. Qb8 Qd4+
60. Kg2 1/2-1/2

[Event "51st World Juniors"]
[Site "Athens GRE"]
[Date "2012.08.04"]
[Round "3.39"]
[White "Aghayev, Miragha"]
[Black "Wageih, Kareim"]
[Result "1-0"]
[BlackTitle "IM"]
[WhiteElo "2187"]
[BlackElo "2332"]
[WhiteFideId "818070"]
[BlackFideId "10604561"]
[EventDate "2012.08.02"]

1. e4 c6 2. d4 d5 3. Nd2 dxe4 4. Nxe4 Nd7 5. Ng5 Ngf6 6. Bc4 e6 7. Qe2 Nb6 8.
Bd3 Qxd4 9. N1f3 Qd5 10. Ne5 Qxg2 11. Rf1 Bc5 12. Ngf3 Ng4 13. Nxg4 Qxg4 14. Rg1
Qa4 15. Rxg7 Bf8 16. Rxh7 Rxh7 17. Bxh7 Bg7 18. c3 Nd5 19. Bc2 Qa5 20. Bd2 Qb6
21. O-O-O Qd8 22. Kb1 Bf6 23. Bb3 Bd7 24. c4 Nb6 25. Ne5 Qe7 26. Bc3 O-O-O 27.
Qf3 Be8 28. Rxd8+ Qxd8 29. Nxf7 Bxf7 30. Qxf6 Qxf6 31. Bxf6 Nd7 32. Bg5 Ne5 33.
Be3 b6 34. Kc2 c5 35. Kc3 Nf3 36. Bd1 Bh5 37. Bf4 Kd7 38. h3 a6 39. Be2 Kc6 40.
Bg3 b5 41. cxb5+ axb5 42. a3 Kb6 43. b3 Kc6 44. a4 b4+ 45. Kb2 Kb6 46. a5+ Kc6
47. a6 e5 48. Bxe5 Nxe5 49. Bxh5 Nd3+ 50. Kc2 Nxf2 51. h4 Nh3 52. Bg4 Nf4 53. h5
Kb6 54. h6 Ng6 55. Bf5 Nh8 56. Bd3 1-0

[Event "51st World Juniors"]
[Site "Athens GRE"]
[Date "2012.08.04"]
[Round "3.40"]
[White "Kleinman, Michael"]
[Black "Vaicekauskas, Gytis"]
[Result "1-0"]
[WhiteTitle "FM"]
[WhiteElo "2330"]
[BlackElo "2079"]
[WhiteFideId "2609479"]
[BlackFideId "12805459"]
[EventDate "2012.08.02"]

1. c4 c5 2. Nf3 Nf6 3. Nc3 e6 4. e4 d6 5. d4 cxd4 6. Nxd4 a6 7. Be3 Nbd7 8. Be2
b6 9. O-O Bb7 10. f3 Be7 11. a4 Rc8 12. a5 O-O 13. Qb3 bxa5 14. Qxb7 Nc5 15.
Nxe6 fxe6 16. Bxc5 Rxc5 17. Na4 Rc8 18. Qxa6 Ra8 19. Qb6 Qd7 20. Qe3 Qc7 21. f4
Rab8 22. Qh3 Qd7 23. Bd3 Rb4 24. Nc3 Rxb2 25. e5 dxe5 26. fxe5 Qd4+ 27. Kh1 Qxe5
28. Rae1 Qg5 29. Ne4 Nxe4 30. Qxe6+ Kh8 31. Qxe4 Qg6 32. Qxg6 hxg6 33. Rxe7 Rd8
34. Bxg6 a4 35. Rfe1 Rbb8 36. Ra7 Rb4 37. Bf7 Rd2 38. h3 Kh7 39. Re5 1-0

[Event "51st World Juniors"]
[Site "Athens GRE"]
[Date "2012.08.04"]
[Round "3.41"]
[White "Nishant, Malhotra"]
[Black "Kilpatrick, Callum"]
[Result "1-0"]
[BlackTitle "FM"]
[WhiteElo "2076"]
[BlackElo "2326"]
[WhiteFideId "5099129"]
[BlackFideId "414425"]
[EventDate "2012.08.02"]

1. d4 Nf6 2. c4 g6 3. Nc3 d5 4. cxd5 Nxd5 5. e4 Nxc3 6. bxc3 Bg7 7. Nf3 c5 8.
Be2 O-O 9. Rb1 Nc6 10. d5 Ne5 11. Nxe5 Bxe5 12. Qd2 e6 13. f4 Bc7 14. O-O exd5
15. exd5 Ba5 16. d6 Rb8 17. Rb5 Bd7 18. f5 Bxb5 19. Bxb5 Qh4 20. Rf4 Qg5 21. Qe1
Qd8 22. Qe5 a6 23. fxg6 hxg6 24. Bc4 b5 25. Bd5 Rb6 26. Rf6 Kh7 27. Qf4 Kg7 28.
Rxf7+ Rxf7 29. Qxf7+ Kh8 30. Bg5 Rb7 31. Bf6+ 1-0

[Event "51st World Juniors"]
[Site "Athens GRE"]
[Date "2012.08.04"]
[Round "3.42"]
[White "Kalogridakis, Georgios"]
[Black "Farid, Firman Syah"]
[Result "1-0"]
[BlackTitle "CM"]
[WhiteElo "2017"]
[BlackElo "2318"]
[WhiteFideId "4249666"]
[BlackFideId "7102526"]
[EventDate "2012.08.02"]

1. e4 c6 2. c4 d6 3. d4 e5 4. Nf3 Nd7 5. Nc3 Ngf6 6. h3 Be7 7. g3 O-O 8. Bg2 Re8
9. O-O Bf8 10. Be3 b6 11. Re1 Bb7 12. Qd2 a6 13. Rad1 b5 14. cxb5 axb5 15. dxe5
dxe5 16. a3 b4 17. axb4 Bxb4 18. g4 Bc8 19. Qc2 Qe7 20. Bf1 Nf8 21. Ra1 Bd7 22.
Red1 Bxc3 23. bxc3 h5 24. g5 N6h7 25. Qd2 Rxa1 26. Rxa1 Rb8 27. Kh2 Qe6 28. Ra5
Ng6 29. c4 Nhf8 30. Qc3 Rb1 31. Bg2 f6 32. Ra8 Qe7 33. Qa5 Kh7 34. gxf6 gxf6 35.
Ra7 Ne6 36. Qd2 Nef8 37. Qe2 Nf4 38. Bxf4 exf4 39. e5 Kg8 40. Qd3 Rb2 41. Qd4
Re2 42. exf6 Qe6 43. Qxf4 Ng6 44. Qg3 1-0

[Event "51st World Juniors"]
[Site "Athens GRE"]
[Date "2012.08.04"]
[Round "3.43"]
[White "Kalofonos, Panayotis"]
[Black "Dounis, Alexandros"]
[Result "0-1"]
[WhiteElo "1806"]
[BlackElo "2298"]
[WhiteFideId "4233824"]
[BlackFideId "4213238"]
[EventDate "2012.08.02"]

1. e4 e5 2. Nf3 Nc6 3. Bb5 a6 4. Ba4 Nf6 5. O-O Be7 6. Re1 b5 7. Bb3 d6 8. c3
O-O 9. h3 Na5 10. Bc2 d5 11. d4 dxe4 12. Nxe5 c5 13. a4 Bb7 14. axb5 axb5 15.
Na3 cxd4 16. cxd4 Qd5 17. b3 Rfd8 18. Bb2 Nc6 19. Nxc6 Bxc6 20. Qe2 Bd6 21. Nb1
Rxa1 22. Bxa1 Re8 23. Qd2 b4 24. Bd1 Bc7 25. Qe3 Qd6 26. g3 Nd5 27. Qg5 h6 28.
Qg4 Nf6 29. Qh4 e3 30. Rxe3 Rxe3 31. fxe3 g5 0-1

[Event "51st World Juniors"]
[Site "Athens GRE"]
[Date "2012.08.04"]
[Round "3.44"]
[White "Shyam, Nikil P."]
[Black "Papasimakopoulos, Vasilios"]
[Result "1-0"]
[WhiteTitle "IM"]
[WhiteElo "2484"]
[BlackElo "1820"]
[WhiteFideId "5024218"]
[BlackFideId "4244141"]
[EventDate "2012.08.02"]

1. e4 e6 2. d4 d5 3. Nc3 Bb4 4. e5 Ne7 5. a3 Bxc3+ 6. bxc3 c5 7. Qg4 cxd4 8.
Qxg7 Rg8 9. Qxh7 Qc7 10. Ne2 Nbc6 11. f4 dxc3 12. Qd3 d4 13. Nxd4 Nxd4 14. Qxd4
Bd7 15. Rg1 Nf5 16. Qf2 Qc6 17. Bd3 Qd5 18. Rb1 Bc6 19. Rb3 Rh8 20. Rxc3 Rxh2
21. Rc5 Qd4 22. Qxd4 Nxd4 23. Kf1 Kd7 24. Be3 Nf5 25. Bf2 Rg8 26. g4 Nh4 27. Be2
Bg2+ 28. Rxg2 Nxg2 29. Bg1 Rh3 30. Kxg2 Rxa3 31. Rc4 b6 32. Bf2 Rc8 33. Rd4+ Ke7
34. Bh4+ Ke8 35. Bb5+ Kf8 36. Bd3 a5 37. f5 exf5 38. gxf5 b5 39. e6 fxe6 40.
fxe6 Rxd3 41. cxd3 1-0

[Event "51st World Juniors"]
[Site "Athens GRE"]
[Date "2012.08.04"]
[Round "3.45"]
[White "Zulfic, Fedja"]
[Black "Rombaldoni, Axel"]
[Result "0-1"]
[BlackTitle "IM"]
[WhiteElo "2135"]
[BlackElo "2494"]
[WhiteFideId "3208427"]
[BlackFideId "815837"]
[EventDate "2012.08.02"]

1. e4 e6 2. d4 d5 3. Nc3 Bb4 4. Ne2 dxe4 5. a3 Be7 6. Nxe4 Nf6 7. N2g3 Nbd7 8.
Bd3 b6 9. O-O Bb7 10. b3 h5 11. Nxf6+ Nxf6 12. Re1 h4 13. Ne4 h3 14. g3 c5 15.
Bb2 Nxe4 16. Bxe4 Bxe4 17. Rxe4 Qd5 18. Qf3 f5 19. Rf4 Qxf3 20. Rxf3 Bf6 21. Rd1
Rd8 22. Rfd3 Kf7 23. Ba1 cxd4 24. Bxd4 e5 25. Ba1 Rxd3 26. Rxd3 e4 27. Rd1 Bxa1
28. Rxa1 Rd8 29. Rc1 Ke6 30. f3 Rd2 0-1

[Event "51st World Juniors"]
[Site "Athens GRE"]
[Date "2012.08.04"]
[Round "3.46"]
[White "Jones, William E G"]
[Black "Andersen, Mads"]
[Result "0-1"]
[BlackTitle "IM"]
[WhiteElo "2127"]
[BlackElo "2464"]
[WhiteFideId "470554"]
[BlackFideId "1413864"]
[EventDate "2012.08.02"]

1. e4 e5 2. Nf3 Nc6 3. Bb5 a6 4. Ba4 Nf6 5. O-O Be7 6. Re1 b5 7. Bb3 d6 8. c3
O-O 9. h3 Na5 10. Bc2 c5 11. d4 Qc7 12. Nbd2 Nc6 13. d5 Nd8 14. a4 Rb8 15. axb5
axb5 16. b4 Bd7 17. Nf1 Ne8 18. g4 g6 19. Ng3 f6 20. Be3 Nf7 21. Qd3 Ng7 22. Ra2
Qc8 23. Ra7 Bd8 24. Rea1 Bb6 25. R7a6 Qc7 26. Nd2 Kh8 27. R6a2 Qd8 28. Kg2 Rg8
29. Kh2 Rc8 30. Ra6 Qc7 31. Ndf1 Rb8 32. Qe2 Qc8 33. Qf3 Qd8 34. Bd3 Ne8 35. Qe2
Nc7 36. R6a2 Qc8 37. Qf3 Kg7 38. Qe2 Rh8 39. f3 h5 40. Kg2 hxg4 41. hxg4 Ng5 42.
Kf2 Qb7 43. Ke1 Rh3 44. Qg2 Rh4 45. Kd1 c4 46. Bxb6 Qxb6 47. Be2 Nh3 48. Nh1
Rhh8 49. Ra7 Rb7 50. R7a5 Bc8 51. Nfg3 Kf7 52. Kd2 Rb8 53. Ra7 Kf8 54. R7a5 Rh4
55. Bd1 Bb7 56. Bc2 Ke7 57. R5a3 Rbh8 58. Ra5 Nf4 59. Qg1 Rh2+ 0-1

[Event "51st World Juniors"]
[Site "Athens GRE"]
[Date "2012.08.04"]
[Round "3.47"]
[White "Papasimakopoulos, Alexandros"]
[Black "Thavandiran, Shiyam"]
[Result "0-1"]
[BlackTitle "FM"]
[WhiteElo "2126"]
[BlackElo "2301"]
[WhiteFideId "4244125"]
[BlackFideId "2605058"]
[EventDate "2012.08.02"]

1. d4 Nf6 2. c4 e6 3. Nc3 Bb4 4. Qc2 O-O 5. a3 Bxc3+ 6. Qxc3 b5 7. cxb5 c6 8. f3
Nd5 9. Qd3 cxb5 10. e4 Nb6 11. Nh3 f5 12. Bg5 Qe8 13. Be2 fxe4 14. fxe4 Nc6 15.
e5 d6 16. Bf3 dxe5 17. O-O Bd7 18. Be4 Qh5 19. Qxb5 Rxf1+ 20. Rxf1 Rc8 21. dxe5
h6 22. Bf4 Ne7 23. Qd3 Nbd5 24. Bg3 Qe8 25. Qf3 Bb5 26. Rd1 Ba4 27. Rf1 Bc2 28.
Nf2 Qa4 29. Nd3 Qd4+ 30. Bf2 Qa4 31. Bc5 Kh8 32. b4 Qxa3 33. Qe2 Nc3 34. Qxc2
Nxe4 35. Re1 Nxc5 36. bxc5 Nd5 37. Qc4 a5 38. c6 Qc3 39. Rc1 Qd2 40. Qc2 Qe3+
41. Kh1 Ne7 42. c7 Nd5 43. Re1 Rxc7 44. Qb3 Qd4 45. Nb2 Qd2 46. Rg1 Rc1 47. h3
Rxg1+ 48. Kxg1 Qe1+ 49. Kh2 Qxe5+ 50. Kh1 Qe1+ 51. Kh2 Qb4 52. Qc2 Qc3 53. Qe2
Qc7+ 54. Kh1 Qc1+ 55. Kh2 Qf4+ 56. Kh1 Ne3 57. Kg1 e5 58. Nd3 Qg3 59. Nc5 Nf5
60. Kh1 Qxh3+ 0-1

[Event "51st World Juniors"]
[Site "Athens GRE"]
[Date "2012.08.04"]
[Round "3.48"]
[White "Sodikov, Ilyas"]
[Black "Caetano, Hugo Zanotti Mendonca"]
[Result "0-1"]
[WhiteElo "2234"]
[BlackElo "2109"]
[WhiteFideId "13705490"]
[BlackFideId "2119420"]
[EventDate "2012.08.02"]

1. e4 c5 2. Nf3 Nc6 3. d4 cxd4 4. Nxd4 g6 5. Nc3 Bg7 6. Be3 Nf6 7. Bc4 Qa5 8.
O-O O-O 9. Nb3 Qc7 10. Bg5 a6 11. Be2 d6 12. Bxf6 exf6 13. Nd5 Qd8 14. c3 f5 15.
exf5 Bxf5 16. Nd2 b5 17. Re1 Rb8 18. Nf1 Be6 19. Nfe3 Kh8 20. Qd2 Qd7 21. h3
Rfd8 22. Bf1 Qb7 23. Rad1 a5 24. f4 Nd4 25. cxd4 Bxd5 26. Qxa5 Bh6 27. g3 Bf3
28. Rc1 Bg7 29. Qd2 Qa7 30. Bg2 Bxg2 31. Kxg2 Qxd4 32. Qxd4 Bxd4 33. Rc2 Rbc8
34. Rd2 Bc5 35. Nd5 b4 36. Re7 Kg7 37. g4 Re8 38. f5 gxf5 39. gxf5 Rb8 40. b3
Kh6 41. f6 Rg8+ 42. Kf3 Rbf8 43. Nf4 Kg5 44. Nd5 Kh6 45. h4 Rg6 46. Kf4 Rg1 47.
Rh2 Rd1 48. Ke4 Rd4+ 0-1

[Event "51st World Juniors"]
[Site "Athens GRE"]
[Date "2012.08.04"]
[Round "3.49"]
[White "Arat, Ufuk Sezen"]
[Black "Michelakos, Panagiotis"]
[Result "0-1"]
[WhiteElo "2124"]
[BlackElo "2185"]
[WhiteFideId "6309089"]
[BlackFideId "4216067"]
[EventDate "2012.08.02"]

1. e4 e5 2. Nf3 Nc6 3. Bb5 a6 4. Ba4 d6 5. Bxc6+ bxc6 6. d4 f6 7. Be3 Ne7 8. Nc3
Ng6 9. Qe2 Be6 10. O-O-O Qb8 11. d5 cxd5 12. exd5 Bd7 13. h4 Qb4 14. Ne1 Nf4 15.
Qf3 Bg4 16. Rd4 Qxd4 0-1

[Event "51st World Juniors"]
[Site "Athens GRE"]
[Date "2012.08.04"]
[Round "3.50"]
[White "Capone, Nicola"]
[Black "Koutoukidis, Panagiotis"]
[Result "1/2-1/2"]
[WhiteElo "2120"]
[BlackElo "2167"]
[WhiteFideId "224715"]
[BlackFideId "4244702"]
[EventDate "2012.08.02"]

1. e4 c5 2. Nf3 e6 3. d4 cxd4 4. Nxd4 Nc6 5. Nc3 a6 6. Nxc6 bxc6 7. Bd3 d5 8.
O-O Nf6 9. Qe2 Be7 10. Na4 O-O 11. c4 Bb7 12. e5 Nd7 13. f4 Nb6 14. Nxb6 Qxb6+
15. Kh1 dxc4 16. Bxc4 c5 17. b3 Rfd8 18. Bb2 Bd5 19. Rac1 Rd7 20. Bxd5 Rxd5 21.
Rc4 Rad8 22. Bc3 Rd3 23. Rf3 Rd1+ 24. Rf1 R1d3 25. Rf3 Rd1+ 26. Rf1 R1d3 27. Kg1
Qb7 28. Rf3 Rd1+ 29. Rf1 R1d3 30. Rf3 Rd1+ 31. Rf1 R1d3 32. Be1 R8d5 33. Rc3 Rd1
34. Rcf3 g6 35. Bc3 Rxf1+ 36. Kxf1 Qb5 37. Ke1 Rd8 38. Re3 Qb6 39. Qc4 Qb7 40.
Qe4 Qd7 41. Qf3 c4 42. bxc4 Qa4 43. Qe2 Rb8 44. Rd3 Rb1+ 45. Kf2 Rc1 46. Kg3 Rc2
47. Qe4 Qxa2 48. Kh3 Qb3 49. Qd4 Qb7 50. Rg3 Rxg2 51. Rxg2 Qf3+ 52. Rg3 Qf1+ 53.
Rg2 1/2-1/2